000 00516nam a2200193Ia 4500
005 20250325050407.0
008 240331s9999 xx 000 0 und d
020 _a0415080592
082 _a302.2
_bCHA
_21146
245 0 _aChannels of Discourse, Reassembled:
_bTelevision and Contemporary Criticism
260 _aLondon;
_aNew York,
_bRoutledge
_c1992
300 _a420 p.,
650 _aMedia
650 _aJournalism
650 _aCinema
650 _aPsychoanalysis
700 _aAllen, R. C
_eedt
942 _cL
999 _c1155
_d1155